| Tag |
First Indicator |
Second Indicator |
Subfields |
| LEADER |
00000cam a2200000 a 4500 |
| 001 |
in00001286830 |
| 005 |
20151004062435.0 |
| 008 |
960111s1995 nyua b 100 0 eng d |
| 020 |
|
|
|a 0897917065
|
| 035 |
|
|
|a (OCoLC)34017055
|
| 035 |
|
|
|9 AGX7018AM
|
| 040 |
|
|
|a NRC
|c NRC
|d TXA
|d UtOrBLW
|
| 049 |
|
|
|a TXAM
|
| 090 |
|
|
|a HD30.2
|b .C654 1995
|
| 111 |
2 |
|
|a Conference on Organizational Computing Systems
|d (1995 :
|c Milpitas, Calif.)
|
| 245 |
1 |
0 |
|a Conference on Organizational Computing Systems :
|b August 13-16, 1995, Milpitas, California, U.S.A. /
|c sponsored by ACM SIGOIS ; general editors, Nora Comstock, Clarence Ellis [and others].
|
| 246 |
1 |
8 |
|a COOCS '95 :
|b Conference on Organizational Computing Systems August 13-16, 1995
|
| 264 |
|
1 |
|a New York :
|b Association for Computing Machinery,
|c [1995]
|
| 264 |
|
4 |
|c ©1995
|
| 300 |
|
|
|a iii, 353 pages :
|b illustrations ;
|c 28 cm.
|
| 336 |
|
|
|a text
|b txt
|2 rdacontent
|
| 337 |
|
|
|a unmediated
|b n
|2 rdamedia
|
| 338 |
|
|
|a volume
|b nc
|2 rdacarrier
|
| 500 |
|
|
|a "ACM order number: 611950"--Title page verso.
|
| 504 |
|
|
|a Includes bibliographical references.
|
| 650 |
|
0 |
|a Information technology
|x Management
|v Congresses.
|
| 650 |
|
0 |
|a Expert systems (Computer science)
|v Congresses.
|
| 650 |
|
0 |
|a Management information systems
|v Congresses.
|
| 650 |
|
0 |
|a Reengineering (Management)
|x Congresses.
|
| 700 |
1 |
|
|a Comstock, Nora.
|
| 700 |
1 |
|
|a Ellis, Clarence Arthur,
|d 1943-
|
| 710 |
2 |
|
|a SIGOIS (Group)
|
| 999 |
|
|
|a MARS
|
| 999 |
f |
f |
|s 33c0fd28-b908-315f-819c-80667f20de87
|i 9237ad8f-a49f-3e3f-a405-249974a562e5
|t 0
|
| 952 |
f |
f |
|p ric
|a Texas A&M University
|b Rellis Campus
|c Joint Library Facility
|s JLF
|d Remote Storage
|t 0
|e HD30.2 .C654 1995
|h Library of Congress classification
|i unmediated -- volume
|m A14819852657
|
| 998 |
f |
f |
|a HD30.2 .C654 1995
|t 0
|l Remote Storage
|